01724nam a22003497a 4500001000400000003000400004005001700008008004100025020001800066040000800084041001300092082001500105100002700120240001800147245010500165260003700270300001100307490003900318500004800357520071900405650002701124650001301151650001901164650001301183650001401196650002101210655001201231655001601243700003201259700004401291830003901335102OSt20250528074011.0250127b |||||||j |||| 00| 1 eng d a9788581631486 bpor hengapor a823bC213l1 aCanavan, Trudi,d1969- aThe high Lord aO lorde supremo /cCanavan, Trudi ; Tradução de Frank de Oliveira e Júlio Monteiro de Oliveira aSão PaulobNovo Conceitoc2012 a623 p.1 aA trilogia do mago negrovLivro 03 aO lorde supremo Sequência de: A aprendiz aNa cidade de Imardin, onde aqueles que têm magia têm poder, uma jovem garota de rua, adotada pelo Clã dos Magos, se encontra no centro de uma terrível trama que pode destruir o mundo todo. Sonea aprendeu muito no Clã, e os outros aprendizes agora a tratam com um respeito relutante. No entanto, ela não pode esquecer o que viu na sala subterrânea do Lorde Supremo, ou seu aviso de que o antigo inimigo do reino está crescendo em poder novamente. Conforme Sonea evolui no aprendizado, começa a duvidar da palavra do mestre de seu clã. Poderia a verdade ser tão aterrorizante quanto Akkarin afirma? Ou ele está tentando enganá-la para que Sonea o ajude em algum terrível esquema sombrio?  0aLiteratura australiana 0aFantasia 0aInfantojuvenil 0aAventura 0aMedieval  0aSeres mágicos  0aRomance 0aFicção  aFrank de OliveiraeTradutor aJúlio Monteiro de Oliveira eTradutor aA trilogia do mago negrovLivro 03